Clawed and dangerous / Rita Mae Brown and Sneaky ... Read More
Available copies
- 1 of 2 copies available at LARL/NWRL Consortium.
- 1 of 2 copies available at Lake Agassiz Regional Library. (Show preferred library)
Current holds
0 current holds with 2 total copies.
View other formats and editions
Show Only Available Copies
| Location | Call Number / Copy Notes | Barcode | Shelving Location | Status | Due Date |
|---|---|---|---|---|---|
| Barnesville Public Library | M BRO (Text) | 33500014372403 | New | Available | - |
| Hawley Public Library | M BRO (Text) | 33500014372411 | New | Checked out | 07/16/2026 |
Record details
- ISBN: 9780593874141
- ISBN: 0593874145
- Physical Description: xii, 252 pages : illustrations ; 25 cm.
- Edition: First edition.
- Publisher: New York : Bantam Books, [2026]
- Copyright: ©2026
Content descriptions
| Summary, etc.: | "Death stalks the Blue Ridge Mountains once again ... Read More The leaves have fallen in Crozet, Virginia, and ... Read More |
Search for related items by subject
| Genre: | Detective and mystery fiction. Detective and mystery fiction. Cozy mysteries. |
Search for related items by series
| LDR | 03466cam a2200565 i 4500 | ||
|---|---|---|---|
| 001 | 481834 | ||
| 003 | LARL_NWRL_CONSORTIUM | ||
| 005 | 20260506172119.0 | ||
| 008 | 260325t20262026nyua e 000 1 eng d | ||
| 040 | . | ‡aIG# ‡beng ‡erda ‡cIG# ‡dOCLCO ‡dOCLCQ ‡dHBP ‡dOCLCO ‡dZGW ‡dNDS ‡dTH8 ‡dIH9 ‡dIDW ‡dOCLCO ‡dIMT ‡dJQM ‡dOCLCO ‡dMLSOD ‡dOCLCO ‡dMWD | |
| 020 | . | ‡a9780593874141 ‡q(hardcover) | |
| 020 | . | ‡a0593874145 ‡q(hardcover) | |
| 035 | . | ‡a(OCoLC)1581591582 | |
| 082 | 0 | 4. | ‡a813/.54 ‡223 |
| 100 | 1 | . | ‡aBrown, Rita Mae, ‡eauthor. ‡1https://id.oclc.org/worldcat/entity/E39PBJgRWcDgGR6JwxP8QJVgrq ‡0(LARL_NWRL_CONSORTIUM)50110 |
| 245 | 1 | 0. | ‡aClawed and dangerous / ‡cRita Mae Brown and Sneaky Pie Brown ; illustrated by Michael Gellatly. |
| 246 | 3 | . | ‡aClawed & dangerous |
| 250 | . | ‡aFirst edition. | |
| 264 | 1. | ‡aNew York : ‡bBantam Books, ‡c[2026] | |
| 264 | 4. | ‡c©2026 | |
| 300 | . | ‡axii, 252 pages : ‡billustrations ; ‡c25 cm. | |
| 336 | . | ‡atext ‡btxt ‡2rdacontent | |
| 336 | . | ‡astill image ‡bsti ‡2rdacontent | |
| 337 | . | ‡aunmediated ‡bn ‡2rdamedia | |
| 338 | . | ‡avolume ‡bnc ‡2rdacarrier | |
| 490 | 0 | . | ‡aMrs. Murphy ; ‡v34 |
| 520 | . | ‡a"Death stalks the Blue Ridge Mountains once again and Mary Minor "Harry" Harristeen, along with her beloved cats, is on the case"-- ‡cProvided by publisher. | |
| 520 | . | ‡aThe leaves have fallen in Crozet, Virginia, and with a sudden downpour of cold rain, autumn gloom has settled. But Harry and her best friend, Susan are determined to cheer up the town, and with the help of a kind local doctor, they just might succeed. Not only is Dr. Anglin kind and generous, he's also the owner of multiple properties, and he agrees to let Harry and Susan use one of his homes to throw a spooky Halloween bash. Harry and Susan quickly bury themselves in the flurry of planning: witches, ghosts, and headless horsemen abound. But around town, things grow even spookier when a local townsperson turns up dead. Soon, one dead body turns into multiple-- and what's even spookier is that the deaths seem to be connected. Could these deaths be the result of a lover's quarrel? Or is something even more sinister haunting the town? With help from her feline sidekicks Mrs. Murphy and Pewter, and her helpful hounds Tee Tucker and Pirate, Harry has no choice but to get to the bottom of it. | |
| 650 | 0. | ‡aHaristeen, Harry (Fictitious character) ‡vFiction. ‡0(LARL_NWRL_CONSORTIUM)169551 | |
| 650 | 0. | ‡aMurder ‡xInvestigation ‡vFiction. ‡0(LARL_NWRL_CONSORTIUM)166203 | |
| 650 | 0. | ‡aWomen detectives ‡vFiction. ‡0(LARL_NWRL_CONSORTIUM)167906 | |
| 650 | 0. | ‡aWomen cat owners ‡vFiction. ‡0(LARL_NWRL_CONSORTIUM)167905 | |
| 650 | 0. | ‡aCats ‡vFiction. ‡0(LARL_NWRL_CONSORTIUM)164102 | |
| 650 | 7. | ‡aHaristeen, Harry (Fictitious character) ‡vFiction. ‡2sears ‡0(LARL_NWRL_CONSORTIUM)169551 | |
| 650 | 7. | ‡aCat owners ‡vFiction. ‡2sears ‡0(LARL_NWRL_CONSORTIUM)164101 | |
| 650 | 7. | ‡aCats ‡vFiction. ‡2sears ‡0(LARL_NWRL_CONSORTIUM)164102 | |
| 655 | 0. | ‡aDetective and mystery fiction. | |
| 655 | 7. | ‡aDetective and mystery fiction. ‡2lcgft | |
| 655 | 7. | ‡aCozy mysteries. ‡2lcgft | |
| 700 | 1 | . | ‡aGellatly, Michael, ‡eilllustrator. ‡1https://id.oclc.org/worldcat/entity/E39PCjBqbmcVKX9wVcvHjtp96q ‡0(LARL_NWRL_CONSORTIUM)148305 |
| 700 | 1 | . | ‡aBrown, Sneaky Pie, ‡d1982- ‡eauthor. ‡1https://id.oclc.org/worldcat/entity/E39PCjCWR6wHy7gb4FRrTCgfG3 |
| 901 | . | ‡a481834 ‡bOCoLC ‡c481834 ‡tbiblio ‡soclc | |

Add to basket
Permalink
Disable Highlighting